LEADER 01096nam a2200253 a 4500 001 991001184459707536 008 051117s1999 it 0 ita d 020 $a8834891902 035 $ab1397418x-39ule_inst 040 $aSet. Economia - SAGA$bita 082 04$a658.8 100 1 $aSbrana, Roberto$0108406 245 13$aLo studio dei casi di marketing metodologia e applicazioni :$bi casi risolti del Master in comunicazione e marketing di Publitalia '80 /$cRoberto Sbrana, Alessandro Gandolfo 260 $aTorino :$bGiappichelli,$cc1999 300 $a295 p. ;$c24 cm 504 $aBibliografia: p. [297] 650 04$aMarketing 700 1 $aGandolfo, Alessandro$eauthor$4http://id.loc.gov/vocabulary/relators/aut$0147717 907 $a.b1397418x$b28-01-14$c03-05-11 912 $a991001184459707536 945 $aLE025 ECO 658.8 SBR01.01$g1$i2025000243415$lle025$nProf. Maizza$o-$pE20.66$q-$rl$s- $t0$u3$v0$w3$x0$y.i15320856$z21-09-11 996 $aStudio dei casi di marketing metodologia e applicazioni$91441479 997 $aUNISALENTO 998 $ale025$b03-05-11$cm$da $e-$fita$git $h3$i0 LEADER 03329nam 2200685Ia 450 001 9910972257103321 005 20200520144314.0 010 $a9781596931398 010 $a1596931396 035 $a(CKB)1000000000533989 035 $a(EBL)338761 035 $a(OCoLC)250588022 035 $a(SSID)ssj0000097133 035 $a(PQKBManifestationID)11128058 035 $a(PQKBTitleCode)TC0000097133 035 $a(PQKBWorkID)10114474 035 $a(PQKB)10180571 035 $a(Au-PeEL)EBL338761 035 $a(CaPaEBR)ebr10240773 035 $a(CaBNVSL)mat09100702 035 $a(IEEE)9100702 035 $a(MiAaPQ)EBC338761 035 $a(Perlego)4663055 035 $a(EXLCZ)991000000000533989 100 $a20070524d2007 uy 0 101 0 $aeng 135 $aur|n|---||||| 181 $ctxt 182 $cc 183 $acr 200 10$aAdaptive cooling of integrated circuits using digital microfluidics /$fPhilip Y. Paik, Krishnendu Chakrabarty, Vamsee K. Pamula 205 $a1st ed. 210 $aNorwood, Mass. $cArtech House$d2007 215 $a1 online resource (203 p.) 225 1 $aArtech House integrated microsystems series 300 $aDescription based upon print version of record. 311 08$a9781596931381 311 08$a1596931388 320 $aIncludes bibliographical references and index. 327 $aAdaptive Cooling of Integrated Circuits Using Digital Microfluidics; Contents 5; Preface 11; Chapter 1 Thermal Management of Integrated Circuits 15; Chapter 2 Cooling Devices for Integrated Circuits 33; Chapter 3 Adaptive Hot-Spot Cooling Principles and Design 49; Chapter 4 Technology Development 77; Chapter 5 Thermal Effects of Digital Microfluidic Devices 105; Chapter 6 Flow-Through-Based Adaptive Cooling 117; Chapter 7 Programmable Thermal Switch-Based Adaptive Cooling 145; Chapter 8 Concluding Remarks 161; Appendix A Image Analysis Software Using MATLAB 167. 330 $aThanks to increasing power consumption and component density, localized?hot spots? are becoming a serious challenge in IC (integrated circuit) chip design? so serious, in fact, that Intel recently had to yank a circuit because it was literally burning. For IC engineers grappling with high power dissipation and thermal issues, new droplet-based cooling techniques using digital microfluidics technology could provide the solution. This definitive guide paves the way, with design and implementation methodologies and prototypes for utilizing this groundbreaking technology. After reviewing cooling. 410 0$aArtech House integrated microsystems series. 606 $aIntegrated circuits$xCooling 606 $aIntegrated circuits$xDesign and construction 606 $aMicrofluidics 615 0$aIntegrated circuits$xCooling. 615 0$aIntegrated circuits$xDesign and construction. 615 0$aMicrofluidics. 676 $a620.106 676 $a621.3815 700 $aPaik$b Philip Y$01806509 701 $aChakrabarty$b Krishnendu$0720740 701 $aPamula$b Vamsee K$g(Vamsee Krishna),$f1974-$01806510 801 0$bMiAaPQ 801 1$bMiAaPQ 801 2$bMiAaPQ 906 $aBOOK 912 $a9910972257103321 996 $aAdaptive cooling of integrated circuits using digital microfluidics$94355720 997 $aUNINA LEADER 01035nas 2200397 c 450 001 9910735001003321 005 20260127110435.0 035 $a(CKB)4930000000040188 035 $a(DE-101)1197350845 035 $a(DE-599)ZDB2987300-9 035 $a(DE-599)2987300-9 035 $a(EXLCZ)994930000000040188 100 $a20191018a20189999 |y | 101 0 $amul 135 $aur||||||||||| 181 $ctxt$2rdacontent 182 $cc$2rdamedia 183 $acr$2rdacarrier 200 10$aSwedish journal of Romanian studies 210 31$aLund :$cCentre for Languages and Literature, Lund University,$d2018- 215 $aOnline-Ressource 311 08$a2003-0924 517 1 $aSJRS 608 $aZeitschrift$2gnd-content 676 $a450 676 $a850 676 $a791 676 $a792 686 $aOST$qDE-12$2fid 801 0$b0012 801 1$bDE-101 801 2$b8007 906 $aJOURNAL 912 $a9910735001003321 996 $aSwedish journal of Romanian studies$93406237 997 $aUNINA